La infancia de Jesús: el evangelio apócrifo del pseudo-Tomás

保存先:
書誌詳細
第一著者: Aasgaard, Reidar (著者)
フォーマット: 図書
言語:スペイン語
出版事項: Salamanca Sígueme 2009
版:1a. ed
シリーズ:Biblioteca de Estudios Bíblicos Minor, 14
主題:
タグ: タグ追加
タグなし, このレコードへの初めてのタグを付けませんか!

MARC

LEADER 00000cam a2200000 a 4500
001 UCE9057
003 CL-VaPUC
008 150928e20090000sp |||||||||||||||||spa|d
020 |a 9788430117086 
082 0 4 |a 229.8  |b AAS  |2 21 
100 0 |a Aasgaard, Reidar  |e author  |9 581765 
245 1 3 |a La infancia de Jesús: el evangelio apócrifo del pseudo-Tomás 
250 |a 1a. ed 
300 |a 158 p 
942 |c BK 
945 |d 20150928 14:02:00  |a dcastane 
260 |a Salamanca  |b Sígueme  |c 2009 
650 0 |a Evangelios apócrifos   |9 269345 
650 7 |a GNOSTICISMO  |2 CL-VaPUC  |9 266034 
583 |a last modification  |c 20150928 14:02:00  |k Rodrigo Vera 
490 0 |a Biblioteca de Estudios Bíblicos Minor, 14 
999 |c 360784  |d 360782 
952 |0 0  |1 0  |3 erb  |4 0  |6 229_800000000000000_AAS_2009  |7 0  |8 A  |9 470740  |a BIBTEO  |b BIBTEO  |i 5200105  |l 1  |o 229.8 AAS 2009  |p 5200105  |r 2025-01-17  |s 2024-05-23  |w 2019-11-23  |y BK  |z Catalogado en:20150928  |k ICR